000
00324nam a2200133Ia 4500
005
20251222155133.0
008
251222s9999||||xx |||||||||||||| ||spa||
082
_a
EBA.69
100
_a
P.Augusto Mezzano
245
0
_a
Lavanderia hospitalar organizacao e tecnica
250
_a
5ta. ed.
264
_b
No tiene
942
_c
LIB
999
_c
38892
_d
38892